Quizzes
Events
Quiz Creation
Community
Videos
Private Events
Remove Ads
Sign In
Join for FREE
Feedback
Dark Mode
Quiz Categories
Sports
Geography
Music
Movies
Television
Just For Fun
Miscellaneous
History
Literature
Language
Science
Gaming
Entertainment
Religion
Holiday
For Kids
Quiz Lab
Recent
Popular Today
Quiz Kudos Today
Editor Picks
Curator Picks
Quizzes by...
Day
Popularity
Type
Ratings
Length
Year
Community
Subscriptions
Recent Discussions
Orange Saloon
Badges
Playlists
Quests
Create
Leaderboards
Showdown
Live 5
Trivia Bingo
Activity
Puzzle Library
Sporcle Events
Private Events
Virtual Trivia
Globe League
Become a Host
Pub Owners
SporcleCon
Opinionation
Our Games
Videos
Blog
Mobile Apps
Partnerships
Remove Ads and Go Orange
Feedback
Religion
Mythology
Religious Music
World Religions
Bible
Christianity
Catholicism
Judaism
Church
Scripture
Islam
Verse
Religion
Mythology
Religious Music
World Religions
Bible
Christianity
Catholicism
Judaism
Church
Scripture
Islam
Verse
Random Quiz
Search Sporcle
×
Quiz Lab
Quiz Lab
Religion
Bible
Type in answers that appear in a list
Type in answers that appear in a list
Classic
Best Score? Go Orange.
Biblical People A-Z Stats
Can you name the people from the Bible A-Z?
By
awt6
5m
24 Questions
539 Plays
539 Plays
539 Plays
Comments
Comments
Give Quiz Kudos
Give Quiz Kudos
-
- Ratings
hide this ad
More Info
Forced Order
Answers have to be entered in order
Answers have to be entered in order
Replay
Link that replays current quiz
Next Quiz
Link to next quiz in quiz playlist
You Got
0%
They Got
Avg Score
55%
Avg Friend Score
Upgrade to see
Score Distribution
Jump to the score distribution portion of the page
Score
0/24
Timer
05:00
0
Plays Today
Description
Person
% Correct
Founding Patriarch of Israel and husband to Sarah
Abram
97.2%
David saw her from the palce rooftop bathing
Bathsheba
80.3%
Father of Jacob
Isaac
77.9%
Chief disciple of Jesus
Peter
77.6%
Aaron's brother
Moses
73.3%
Leader of the Israelite tribes after Moses' death
Joshua
70.5%
Major Prophet who made a name for himself in Babylon
Daniel
69.6%
Mother in law of Ruth
Naomi
66.8%
Samuel's mentor who had two very nasty sons
Eli
64.9%
Son of Jacob and whose tribe Aaron was a member of
Levi
64.2%
One of Jesus' disciples who was a zealot
Simon
61.6%
Paul's assistant who had two letters written to
Timothy
56.8%
Description
Person
% Correct
A minor prophet who married a prostitute
Hosea
54.9%
Minor Prophet
Obadiah
54.5%
Son of Jacob
Gad
50.3%
Husband of Bathsheba
Urriah
49%
Prostitiute who helped the Israelite spies in Jericho
Rahab
46.8%
Tax collector who climbed a tree to see Jesus
Zacchaeus
43.6%
King of Persia
Xerxes
41.9%
King of Persia
Cyrus
39.1%
Paul stood trial in front of him while he was Roman procurator of Iudaea Province
Felix
28.2%
Wife of king Ahasuerus who is replaced by Esther
Vashti
27.1%
Govenor of Syria at time of Jesus' birth
Quirinius
21%
Son of Esau who fought against Israel
Korah
8.7%
Quiz Playlist
Details
Report
Send in Message
Add To Playlist
More Info:
Note, there is no 'w' or 'y' mentioned in the bible
Classic:
Type in answers that appear in a list
Forced Order:
Answers have to be entered in order
Last Updated: Apr 22, 2017
Quiz Scoreboard
CHALLENGE
Sign Up to Join the Scoreboard
Show All
Scores
Hide
Comments
May contain spoilers
Recently Published
College Basketball Coaching Resumes
by pancakes188
Sports
9m
Billboard Blitz: Fleetwood Mac
by CooCooCachoo
Music
15s
Presidents Visiting Landmarks
by Hejman
History
7m
More to Explore
Quiz From the Vault
Featured Blog Post
Where Did the Easter Bunny Come From?
hide this ad
You Might Also Like...
Tags
Bible Quiz
Book Quiz
A-Z
description
mentions
Person
Today's Top Quizzes in Religion
Browse Religion
hide this ad
Today's Top Quizzes in Bible
Browse Bible
Top Contributed Quizzes in Religion
1
5-to-1: Children of Gods
2
5-to-1: European Churches
3
One Thing in Common: Mythology
4
10 to 1: Islam
5
One Thing in Common: Mythology II
6
Prime Time: Religion
7
Order Up: Seven Last Words of Christ
8
One Thing in Common: Religion
9
One Thing in Common: Religion and Mythology
10
Mythological Creature Bunker
Explore More
Trending Topics
NBA
Crossword
Disney
Marvel
Kpop
Anime
Harry Potter
WWE
NFL
Soccer
The Office
Puzzle
Pokémon
Song
Country
hide this ad
More By:
awt6
Quiz
Plays
Rating
Category
Featured
Created
7 to 1: WWE Stables
1,911
4.33
Sports
Nov 10, 2017
A Question of Sport
912
4.20
Sports
Feb 4, 2011
WWE Wrestler's Stage Names
786
3.17
Sports
Jul 25, 2012
Biblical People A-Z
539
3.90
Religion
Jan 27, 2010
Cricket by Numbers
217
5.00
Sports
May 10, 2012
Go to Creator's Profile
Score Distribution
Quiz Creator Spotlight
awt6
Follow
Send a Message
Quizzes Created
-
Created Quiz Play Count
-
More By This Creator
Popular Quizzes Today
1
Find the US States - No Outlines Minefield
2
Find the Countries of Europe - No Outlines Minefield
3
The Countries of the World
4
Find the US States
5
Risky Map Clicking: Biggest States A-Z
6
US States
7
Popular People in 1961
8
Movies - When Are They Set?
More Religion Quizzes
The 12 Apostles of Jesus
Published
Trending Quizzes
Risky Map Clicking: Least Populous States A-Z
1-10 Letter G Words
1-10 Letter F Words
Risky Map Clicking: Next State Alphabetically
Risky Map Clicking: Biggest States A-Z
Recently Updated
Leaping Animals
pecheneg
Reality TV Shows (A-Z)
bhenderson79
Rickey Henderson's Hall of Fame Teammates
pecheneg
Champions League XIs: Arsenal
pecheneg
Quick Pick: Celebrities in WWE's Hall of Fame
aduchscher
A-Z Keypad Blitz II
pecheneg
Multiple Oscar Actors
pecheneg
Mystery Phrase Blitz: Oscar 'Best Actors'
pecheneg
F. Scott Fitzgerald Novels
LTH
Pick 3 Villains
ddd62291
Trending Topics
Disney
Crossword
NBA
Anime
Kpop
Harry Potter
Marvel
The Office
Song
WWE
Pokémon
NFL
Puzzle
Soccer
Country
Your Account Isn't Verified!
In order to create a playlist on Sporcle, you need to verify the email address you used during registration. Go to your
Sporcle Settings
to finish the process.
Report this User
Report this user for behavior that violates our
Community Guidelines
.
Details:
Send Report
Go to the Sporcle.com Mobile Site →
Comments